| 000 | 00945aam a2200337 4500 | ||
|---|---|---|---|
| 005 | 20251015154738.0 | ||
| 008 | 150727b2008 xxu||||| |||| 00| 0 spa d | ||
| 020 | _a9789583506482 | ||
| 041 | _aESP | ||
| 082 | _a363.25 L864i | ||
| 100 |
_aLópez Calvo, Pedro _917337 |
||
| 245 | _aInvestigación criminal y criminalística: en sistema penal acusatorio | ||
| 260 | _aColombia | ||
| 260 | _bTemis | ||
| 260 | _c2008 | ||
| 300 | _a536 páginas | ||
| 490 | _aInvestigación Criminal | ||
| 650 | _aINVESTIGACIÓIN CRIMINAL | ||
| 650 | _aCRIMINALÍSTICA | ||
| 650 | _aSISTEMA PENAL | ||
| 650 | _aLUGAR DE LOS HECHOS | ||
| 650 | _aESCENA DEL CRIMEN | ||
| 650 | _aPERFILES CRIMINALES | ||
| 650 | _aCADENA DE CUSTODIA | ||
| 650 | _aCIENCIA DE LA CRIMINALÍSTICA | ||
| 650 | _aIDENTIFICACIÓN DE PERSONAS | ||
| 650 | _aBALÍSTICA | ||
| 650 | _aDOCUMENTOLOGÍA | ||
| 650 | _aENTOMOLOGÍA FORENSE | ||
| 942 |
_cBK _2ddc |
||
| 999 |
_c381 _d381 |
||